000
00253nam a2200097Ia 4500
008
220204s9999 xx 000 0 und d
082
_a
678 (520)
_b
PRO.5
245
0
_a
Progress in polymer science Japan. V 5
260
_a
Tokyo
_b
Kodansha
_c
1973
942
_c
BK
999
_c
34689
_d
34689